书目信息 |
| 题名: |
美发技术与美发店经营全攻略
|
|
| 作者: | 樊丽丽 编 | |
| 分册: | ||
| 出版信息: | 北京 中国经济出版社 2010.01 |
|
| 页数: | 229页 | |
| 开本: | 26cm | |
| 丛书名: | ||
| 单 册: | ||
| 中图分类: | TS974.2 , F719.9 | |
| 科图分类: | ||
| 主题词: | 理发馆--li fa guan--商业经营 , 理发--li fa--造型设计 | |
| 电子资源: | ||
| ISBN: | 978-7-5017-9572-7 | |
| 000 | 00912nam0 2200253 450 | |
| 001 | 012010499765 | |
| 005 | 20100104114901.67 | |
| 010 | @a978-7-5017-9572-7@dCNY25.00 | |
| 100 | @a20100104d2010 em y0chiy0120 ea | |
| 101 | 0 | @achi |
| 102 | @aCN@b110000 | |
| 105 | @aa z 000yy | |
| 106 | @ar | |
| 200 | 1 | @a美发技术与美发店经营全攻略@Amei fa ji shu yu mei fa dian jing ying quan gong lue@f樊丽丽编@Ffan li li bian |
| 210 | @a北京@c中国经济出版社@d2010.01 | |
| 215 | @a229页@c图@d26cm | |
| 330 | @a本书系统总结了美发店成功经验,充分吸收国内外先进的管理经验和技巧,内容涉及美容美发技术、美容美发服务、美发店的开业筹备、取名装修、经营理念、管理方法、营销策略等各方面。 | |
| 606 | 0 | @a理发馆@Ali fa guan@x商业经营 |
| 606 | 0 | @a理发@Ali fa@x造型设计 |
| 690 | @aTS974.2@v4 | |
| 690 | @aF719.9@v4 | |
| 701 | 0 | @a樊丽丽@Afan li li@4编 |
| 801 | 0 | @aCN@bQSSK@c20100104 |
| 905 | @b770894-96@dTS974.2@eF061@f3 | |
| 美发技术与美发店经营全攻略/樊丽丽编.-北京:中国经济出版社,2010.01 |
| 229页:图;26cm |
| ISBN 978-7-5017-9572-7:CNY25.00 |
| 本书系统总结了美发店成功经验,充分吸收国内外先进的管理经验和技巧,内容涉及美容美发技术、美容美发服务、美发店的开业筹备、取名装修、经营理念、管理方法、营销策略等各方面。 |
| ● |
| 相关链接 |
|
|
|
正题名:美发技术与美发店经营全攻略
索取号:TS974.2/F061
 
预约/预借
| 序号 | 登录号 | 条形码 | 馆藏地/架位号 | 状态 | 备注 |
| 1 | 770894 | 207708943 | 自科库501/501自科库 46排1列5层/ [索取号:TS974.2/F061] | 在馆 | |
| 2 | 770895 | 207708952 | 自科库501/501自科库 46排1列5层/ [索取号:TS974.2/F061] | 在馆 | |
| 3 | 770896 | 207708961 | 自科库501/501自科库 46排1列5层/ [索取号:TS974.2/F061] | 在馆 |